00821nam a2200193 a 450000500170000000800410001702000180005805000180007610000210009424500970011526000370021230000230024952001210027265000460039365000240043965000350046399900190049895201100051720140412111316.0010321s19uu xx 00 eng d a0-394-88178-8 aERbNu95 1983 aHautzig, Deborah aNutcracker ballet :cby Deborah Hautzig ; illustrated by Diane Goode.bthe story of the. . / aNew York :bRandom House,c1983. a1 v. (unp.) ; ill. aRelates the story of the popular ballet, in which a little travels with the Nutcracker Prince to the Land of Sweets. aNutcracker (Ballet) - Juvenile literature aNutcracker (Ballet) aBallets - Stories, plots, etc. c104237d104237 00104050aELbELcERd2001-03-21eDonationl0oER Nu95 1983pE7086r2014-04-12 00:00:00w2014-04-12yBK